000 00440nam a2200169Ia 4500
008 131103s9999 xx 000 0 und d
040 _aLoreto College
041 _aEnglish
082 _a425/LEA
_bLCBED/13410
245 _aLearning english
_b for class x
260 _aCalcutta
_bW.B.B.S.E
_c1999
300 _aviii,84p.
_c 24cm.
650 _aLearning english
651 _aEnglish language
850 _aLCBED/425/LEA
942 _cBK
999 _c27742
_d78221